Les prénoms en R du plan de Paris - Statistiques

Statistiques générales
  • Ce quiz a été pris 13 fois
  • Le résultat moyen est 23 sur 65
Statistiques - réponses
Arrondissement Indice Nom Prénom % Correct
16e Homme politique Poincaré Raymond R
90%
13e Photographe Doisneau Robert R
90%
15e Ecrivain / Poète Gary Romain R
90%
18e Ecrivain / Poète Queneau Raymond R
80%
13e Philosophe Aron Raymond R
80%
13e Scénariste de BD Goscinny René R
80%
16e Ecrivain / Poète Bazin René R
80%
10e Ecrivain / Poète Desnos Robert R
80%
20e Aviateur Garros Roland R
80%
14e Ecrivain / Poète Rolland Romain R
80%
20e Artiste peintre Dufy Raoul R
70%
19e Ecrivain / Poète Radiguet Raymond R
70%
14e Homme politique Coty René R
70%
7e Ecrivain / Poète Char René R
70%
12e Critique Barthes Roland R
70%
1er Juriste Cassin René R
60%
18e Réalisateur Clair René R
60%
7e Homme politique Schuman Robert R
60%
11e Artiste peintre Delaunay Robert R
60%
10e Ecrivain / Poète Topor Roland R
60%
10e Philanthrope Follereau Raoul R
50%
13e Constructeur automobile Panhard René R
50%
7e Médecin Laennec René R
50%
11e Prestidigitateur Houdin Robert R
50%
8e Imprimeur Estienne Robert R
50%
17e Danseur Noureev Rudolf R
50%
5e Homme politique Capitant René R
40%
11e Médecin Villermé René R
30%
16e Prévôt des marchands Turquan Robert R
30%
13e Ecrivain / Poète Antelme Robert R
30%
15e Ingénieur Dautry Raoul R
20%
14e Homme politique Losserand Raymond R
20%
18e Architecte Binet René R
20%
15e Ingénieur Ravaud René R
20%
7e Ingénieur Esnault-Pelterie Robert R
20%
18e Résistant Verdier Robert R
20%
16e Propriétaire Le Coin Robert R
20%
15e Artiste peintre Fleury Robert R
20%
19e Diplomate Wallenberg Raoul R
10%
17e Philanthrope Pitet Raymond R
10%
19e Aviateur Fonck René R
10%
17e Directeur de théâtre Blum René R
10%
16e Ecrivain / Poète Boylesve René R
10%
10e Syndicaliste Boulanger René R
10%
16e Diplomate de Coudenhove-Kalergi Richard R
10%
17e Homme politique Baret Richard R
10%
15e Ecrivain / Poète de Flers Robert R
10%
15e Aviateur Guillemard Robert R
10%
15e Homme politique Lindet Robert R
10%
18e Compositeur Planquette Robert R
10%
10e Journaliste Blache Robert R
10%
12e Aviateur Etlin Robert R
10%
17e Religieux Bacon Roger R
10%
15e Militaire Cahen Roger R
10%
20e Artiste peintre Bissière Roger R
10%
3e Haut fonctionnaire Verlomme Roger R
10%
4e Résistant Priou-Valjean Roger R
10%
18e Résistant Lesaffre Roland R
10%
9e Résistant Lesaffre Roland R
10%
19e Ecrivain / Poète Belleau Rémi R
0%
14e Résistant Dumoncel Rémy R
0%
19e Ecrivain / Poète de Gourmont Rémy R
0%
20e Compositeur Hahn Reynaldo R
0%
11e Philosophe Boscovich Roger R
0%
11e Homme politique Linet Roger R
0%
Aucun quiz correspondant
Distribution des résultats
% des personnes avec chaque résultat
Percentile par nombre de réponses
Votre historique - résultats
Vous n’avez pas pris ce quiz